005780000a2200157000450024501500000065000230015065000240017365000180019765000320021565100130024765300410026004100140030170000190031510000290033477300570036310aNotas sobre los murciélagos del género Leptonycteris en México, con la designación del lectotipo de L. Yerbabuenae Martinez y Villa, 194014aTaxonomía animal14aMorfología animal14aMurciélagos14aDistribución geográfica 4pMéxico gLeptonycteriseLeptonycteris nivalis0 aEspañol1 aAlvarez, Ticul1 aRamírez Pulido, José1 tSouthwestern Naturalist3458h3-4q249-259d1972g16